South African Company Secretarial Practice / (Record no. 283)

MARC details
000 -LEADER
fixed length control field 00551nam a22001697a 4500
005 - DATE AND TIME OF INPUT
control field 20231103090531.0
008 - DATA ELEMENTS--GENERAL INFORMATION
fixed length control field 231103b |||||||| |||| 00| 0 eng d
041 ## - LANGUAGE CODE
Language code of text English
082 ## - SHELF NUMBER
DDC number 346.6 CLO
100 ## - MAIN AUTHOR
Main author's name Cloete, JH and Britzius, O
Language of a work English
245 ## - TITLE STATEMENT
Title South African Company Secretarial Practice /
Statement of responsibility, etc. JH Cloete and O Britzuis
250 ## - EDITION STATEMENT
Edition statement Fourth Edition
260 ## - PUBLICATION, DISTRIBUTION, ETC.
Place of publication, distribution, etc. Cape Town :
Name of publisher, distributor, etc. Juta and Company Ltd,
Date of publication, distribution, etc. 1953
300 ## - PHYSICAL DESCRIPTION
Other physical details xv, 539 pages ;
Dimensions 23 cm.
650 ## - SUBJECT`
Broad subject Legal practice
Own subject terms Law
942 ## - ADDED ENTRY ELEMENTS (KOHA)
Item type Books
942 ## - ADDED ENTRY ELEMENTS (KOHA)
-- ALISON_BN_VRIES
Holdings
Source of classification or shelving scheme Not for loan Collection code Home library Current library Shelving location Date acquired Full call number Barcode Price effective from Koha item type
Dewey Decimal Classification   TEXT BOOKS LAW SOCIETY OF NAMIBIA LIBRARY - WINDHOEK LAW SOCIETY OF NAMIBIA LIBRARY - WINDHOEK Corporate, commercial and company law 11/03/2023 346.6 CLO LSN/1987/301 11/03/2023 Books